000 00792nam a2200217Ii 4500
003 JO-AjNU
008 230605s9999||||xx |||||||||||||| ||und||
017 _a2004/2/327
040 _aJO-AjNU
_bara
_erda
_cJO-AjNU
041 _aara
050 1 4 _aDS97.H3522 2004
100 3 _aالهميم، عبد اللطيف,
_eauthor
_935737
245 0 0 _aصفين وتداعياتها في الاجتماع السياسي الإسلامي
250 _aط1
264 3 1 _aعمان: دار عمار، 2004
300 _a260ص
336 _atext
_btxt
_2rdacontent
337 _aunmediated
_bn
_2rdamedia
338 _avolume
_bnc
_2rdacarrier
650 4 _aالتاريخ الاسلامي- خلافة علي بن ابي طالب 656-661ه-معركة صفين-الاسلام المؤتمرات
_935738
999 _aA14783
_c18351
_d18351